Daňová a odvodová politika štátu diplomová práca

Gespeichert in:
Bibliographische Detailangaben
1. Verfasser: Puch, Michal
Körperschaft: Národohospodárska fakulta EU. Katedra financií
Weitere Verfasser: Schultzová, Anna
Format: Buch
Sprache:Slowakisch
Veröffentlicht: Bratislava 2010
Tags: Tag hinzufügen
Keine Tags, Fügen Sie das erste Tag hinzu!

MARC

LEADER 00000nam$a2200000$$$4500
001 0119021
005 20240318121917.5
041 0 |a slo 
044 |a SK 
245 1 0 |a Daňová a odvodová politika štátu  |b diplomová práca  |c Michal Puch ; škol. Anna Schultzová 
264 1 |a Bratislava  |c 2010 
300 |a 89 s. 
100 1 |a Puch, Michal 
700 1 |a Schultzová, Anna 
710 2 |a Národohospodárska fakulta EU. Katedra financií